The life of the poet : beginning and ending poetic careers /

Bibliographic Details
Main Author: Lipking, Lawrence, 1934-
Format: Book
Language:English
Published: Chicago : University of Chicago Press, 1981.
Subjects:

MARC

Tag First Indicator Second Indicator Subfields
LEADER 00000pam a2200000 a 4500
001 in00000088864
005 20151008063304.0
008 810206s1981 ilua b 00110deng
010 |a  81001067  
020 |a 0226484505 
035 |a (OCoLC)07282881 
035 |9 AAK1951AM 
039 0 |a 2  |b 3  |c 3  |d 3  |e 3 
040 |a DLC  |c DLC  |d TXA  |d UtOrBLW 
049 |a TXAM  |c [1442171] 
050 0 0 |a PN1075  |b .L5 
082 0 |a 809.1  |a B  |2 19 
100 1 |a Lipking, Lawrence,  |d 1934- 
245 1 4 |a The life of the poet :  |b beginning and ending poetic careers /  |c Lawrence Lipking. 
264 1 |a Chicago :  |b University of Chicago Press,  |c 1981. 
300 |a xvi, 243 pages :  |b illustrations ;  |c 24 cm. 
336 |a text  |b txt  |2 rdacontent 
337 |a unmediated  |b n  |2 rdamedia 
338 |a volume  |b nc  |2 rdacarrier 
504 |a Includes bibliographical references and index. 
650 0 |a Poets  |v Biography. 
650 0 |a Poetry. 
999 |a MARS 
999 f f |s 540457af-1c03-39f3-a7b0-4adc96aa7df5  |i d5add129-a844-3280-b63d-eba8fa576da6  |t 0 
952 f f |p ric  |a Texas A&M University  |b Rellis Campus  |c Joint Library Facility  |d Remote Storage  |t 0  |e PN1075 .L5  |h Library of Congress classification  |i unmediated -- volume  |m A14806177438 
998 f f |a PN1075 .L5  |t 0  |l Remote Storage